Statistics for Tennis Player To Country

Click here to take the quiz!

General Stats

  • This quiz has been taken 43 times
    (13 since last reset)
  • The average score is 20 of 20

Answer Stats

HintAnswer% Correct
Nick KyrgiosAustralia
100%
Dominic ThiemAustria
100%
Félix Auger-AliassimeCanada
100%
Borna CoricCroatia
100%
Holger RuneDenmark
100%
Alexander ZverevGermany
100%
Stefanos TsitsipasGreece
100%
Matteo BerrettiniItaly
100%
Yoshihito NishiokaJapan
100%
Caspar RuudNorway
100%
Hubert HurkaczPoland
100%
Daniil MedvedevRussia
100%
Novak DjokovicSerbia
100%
Carlos AlcarazSpain
100%
Cameroon NorrieUnited Kingdom
100%
Taylor FritzUnited States
100%
Adrian MannarinoFrance
92%
Tallon GriekspoorNetherlands
92%
Mikael Ymer
Sweden
92%
Francisco CerúndoloArgentina
83%

Score Distribution

Percentile by Number Answered

Percent of People with Each Score

Your Score History

You have not taken this quiz since the last reset